MARC

LEADER 00000nam0a2200000 4500
001 312809
005 20231102002524.0
035 |a (RuTPU)RU\TPU\book\338179 
090 |a 312809 
100 |a 20151228d1982 km y0rusy50 ca 
101 0 |a rus 
102 |a UA 
105 |a a z 001zy 
200 1 |a Механизация регулировочных процессов в приборостроении  |f В. М. Шаповал 
210 |a Киев  |c Технiка  |d 1982 
215 |a 119 с.  |c ил. 
320 |a Библиогр.: с. 117-118 
606 1 |a Приборостроение  |x Производство  |2 stltpush  |3 (RuTPU)RU\TPU\subj\51545  |9 70118 
610 1 |a контактные системы 
610 1 |a регулирование 
610 1 |a средства механизации 
610 1 |a оборудование 
610 1 |a контактные пружины 
610 1 |a заданные параметры 
610 1 |a изготовление 
610 1 |a гибка 
675 |a 681.2.002  |v 4 
700 1 |a Шаповал  |b В. М.  |g Виктор Михайлович 
801 1 |a RU  |b 63413507  |c 20151228 
801 2 |a RU  |b 63413507  |c 20191029  |g RCR 
942 |c BK